000
00265nam a2200097Ia 4500
001
651966
005
20250826154429.0
008
250824s9999 xx 000 0 und d
245
0
_a
VATAN YAHUT SİLİSTRE GENÇLİK KLASİKLERİ
_c
NAMIK KEMAL
260
_b
TİMAŞ ÇOCUK
999
_c
651966
_d
651966